Why did the Chicken… - Statistics

General Stats
  • This quiz has been taken 292 times
  • The average score is 5 of 10
Answer Stats
Hint Answer % Correct
Why did the chicken cross the road? To get to the other {side}!
100%
Why did the chicken cross the amusement park? To get to the other {ride}!
78%
Why did the chicken cross the playground? To get to the other {slide}!
57%
Why did the chicken cross the ocean? To get to the other {tide}!
53%
Why did the chicken cross the tannery? To get to the other {hide}!
46%
Why did the chicken cross the polygamist wedding chapel? To get to the other {bride}!
44%
Why did the chicken leave Dr. Jekyll’s lab and go to a park in London? To get to the other {Hyde}!
39%
Why did the chicken cross the savannah? To get to the other {pride}!
28%
Why did the chicken cross the tour group? To get the other {guide}!
27%
Why did the chicken cross the temporal wormholeto the day Julius Caesar died? To get to the other {Ides}!
27%
No matching quizzes found
Score Distribution
Percent of People with Each Score
Percentile by Number Answered
Your Score History
You have not taken this quiz